000 00443nam a2200169Ia 4500
005 20250423095528.0
008 250422s9999 xx 000 0 und d
020 _a9781597841344
050 _aBJ 2019.5 .I8 G8513/
100 _aGulcur, Musa Kazim
245 0 _aGood character : a comprehensive guide to manners and morals in Islam
260 _aNew Jersey
260 _bTughra Books
260 _c2009
300 _a200 p
942 _cBK
999 _c30548
_d30548